000 00542na a2200217 4500
001 15066
003 MIRAKIL
005 20181213154908.0
008 161028b tu 000 0
040 _aMilas
_btur
_cTR-AnCHP
041 _atur
082 _a901
_bM37k 1966
090 _a901 M37k 1966
100 _aMete, İzzettin
245 _aKainat ve tarihin felsefesi
_cİzzettin Mete
260 _a[y.y]
_b[ yayl. y.]
_c1966
300 _a80 s.
_c19 sm.
650 _aFelsefe
_yTarih
650 _aTarih
_xFelsefe
942 _2ddc
_cBKS
999 _c2735
_d2735